Statistics for Football Derbies

Click here to take the quiz!

General Stats

  • This quiz has been taken 118 times
    (105 since last reset)
  • The average score is 42 of 72

Answer Stats

DerbyTeams% Correct
Manchester DerbyManchester City
100%
Manchester United
100%
Manchester United
100%
Real Madrid
100%
Real Madrid
100%
El Derbi MadrileñoAtletico Madrid
99%
El ClasicoBarcelona
99%
Bayern Munich
97%
Der KlassikerBorussia Dortmund
97%
RevierderbyBorussia Dortmund
97%
The North West DerbyLiverpool
97%
Liverpool
97%
Derby della MadonninaAC Milan
95%
Derby d'ItaliaInter Milan
93%
Inter Milan
93%
North London derbyArsenal
92%
Hamburg DerbyHamburg
92%
Tottenham Hotspur
92%
Merseyside derbyEverton
90%
O ClássicoBenfica
89%
Derby de LisboaBenfica
89%
Derby della CapitaleRoma
89%
Porto
86%
Juventus
85%
Sporting CP
82%
Lazio
81%
PSG
79%
Schalke
78%
Le ClassiqueMarseille
77%
Old FirmCeltic
73%
Rangers
73%
El SuperclásicoBoca Juniors
71%
River Plate
71%
De KlassiekerAjax
67%
Fla-FluFlamengo
66%
Feyenoord
63%
Tyne-Wear DerbyNewcastle United
59%
Sunderland
52%
Fluminense
51%
Derby du RhoneLyon
51%
Galatasaray
45%
St. Pauli
45%
Sheffield Wednesday
41%
The Intercontinental DerbyFenerbahçe
40%
Steel City DerbySheffield United
40%
Sampdoria
34%
Sevilla
34%
Cairo derbyAl Ahly
33%
Paulista DerbyCorinthians
33%
Derby Della LanternaGenoa
33%
Derby of the Eternal EnemiesOlympiacos
33%
Panathinaikos
32%
Palmeiras
29%
El Gran DerbiReal Betis
29%
Saint-Etienne
27%
Racing Club
26%
Casablanca derbyRaja
26%
Wydad
23%
Gamba Osaka
22%
Zamalek
22%
GrenalGremio
21%
Avellaneda DerbyIndependiente
21%
Soweto DerbyKaizer Chiefs
21%
Internacional
16%
Orlando Pirates
15%
Osaka DerbyCerezo Osaka
12%
Old Firm IndonesiaPersija Jakarta
12%
Cruz Azul
10%
El Clásico JovenClub America
8%
The Super MatchFC Seoul
7%
Suwon Bluewings
7%
Persib Bandung
4%

Score Distribution

Percentile by Number Answered

Percent of People with Each Score

Your Score History

You have not taken this quiz since the last reset